<?xml version="1.0" encoding="UTF-8"?>
<record
    xmlns:xsi="http://www.w3.org/2001/XMLSchema-instance"
    xsi:schemaLocation="http://www.loc.gov/MARC21/slim http://www.loc.gov/standards/marcxml/schema/MARC21slim.xsd"
    xmlns="http://www.loc.gov/MARC21/slim">

  <leader>01118nam a22002537a 4500</leader>
  <controlfield tag="005">20150630132007.0</controlfield>
  <controlfield tag="008">150630b2006    ck ||||| |||| 00| 0 spa d</controlfield>
  <datafield tag="040" ind1=" " ind2=" ">
    <subfield code="a">CO-BoIAVH</subfield>
    <subfield code="c">CO-BoIAVH</subfield>
  </datafield>
  <datafield tag="041" ind1=" " ind2=" ">
    <subfield code="a">spa</subfield>
  </datafield>
  <datafield tag="044" ind1=" " ind2=" ">
    <subfield code="a">ck</subfield>
  </datafield>
  <datafield tag="090" ind1=" " ind2=" ">
    <subfield code="a">AR</subfield>
    <subfield code="b">01879</subfield>
  </datafield>
  <datafield tag="100" ind1="1" ind2=" ">
    <subfield code="a">Salaman, Paul</subfield>
    <subfield code="9">22621</subfield>
  </datafield>
  <datafield tag="245" ind1="1" ind2=" ">
    <subfield code="a">Proyecto Loro Orejiamarillo:</subfield>
    <subfield code="b">una iniciativa de conservaci&#xF3;n/</subfield>
    <subfield code="c">Paul Salaman... [et. al.]</subfield>
  </datafield>
  <datafield tag="260" ind1=" " ind2=" ">
    <subfield code="a">Bogot&#xE1;:</subfield>
    <subfield code="b">ProAves,</subfield>
    <subfield code="c">2006.</subfield>
  </datafield>
  <datafield tag="300" ind1=" " ind2=" ">
    <subfield code="a">A&#xF1;o 2006, Nro 2, Diciembre, Pag. 7-11.</subfield>
  </datafield>
  <datafield tag="520" ind1=" " ind2=" ">
    <subfield code="a">El Loro Orejiamarillo (Ognorhynchus icterotis) es un loro andino del tama&#xF1;o de una peque&#xF1;a guacamaya, tan diferente de cualquier otro loro que taxon&#xF3;micamente siempre ha sido tratado dentro de un genero aparte.</subfield>
  </datafield>
  <datafield tag="650" ind1=" " ind2="4">
    <subfield code="a">Loros amenazados</subfield>
    <subfield code="z">Andes Colombianos</subfield>
    <subfield code="9">35057</subfield>
  </datafield>
  <datafield tag="650" ind1=" " ind2="4">
    <subfield code="a">Papagayo</subfield>
    <subfield code="z">Andes Colombianos</subfield>
    <subfield code="9">35058</subfield>
  </datafield>
  <datafield tag="650" ind1=" " ind2="4">
    <subfield code="a">Papagayo</subfield>
    <subfield code="x">Conservaci&#xF3;n biol&#xF3;gica</subfield>
    <subfield code="z">Andes Colombianos</subfield>
    <subfield code="9">35059</subfield>
  </datafield>
  <datafield tag="700" ind1="1" ind2=" ">
    <subfield code="a">Quevedo-Gil, Alonso</subfield>
    <subfield code="9">34975</subfield>
  </datafield>
  <datafield tag="700" ind1="1" ind2=" ">
    <subfield code="a">Verhelst, Juan Carlos</subfield>
    <subfield code="9">4655</subfield>
  </datafield>
  <datafield tag="773" ind1="0" ind2=" ">
    <subfield code="d">Bogot&#xE1; :  Fundaci&#xF3;n ProAves,  2006-</subfield>
    <subfield code="o">038446</subfield>
    <subfield code="t">Revista Conservaci&#xF3;n Colombiana</subfield>
    <subfield code="x">19001592</subfield>
  </datafield>
  <datafield tag="942" ind1=" " ind2=" ">
    <subfield code="2">z</subfield>
    <subfield code="c">ARTICULO</subfield>
  </datafield>
  <datafield tag="999" ind1=" " ind2=" ">
    <subfield code="c">17496</subfield>
    <subfield code="d">17496</subfield>
  </datafield>
  <datafield tag="952" ind1=" " ind2=" ">
    <subfield code="0">0</subfield>
    <subfield code="1">0</subfield>
    <subfield code="2">z</subfield>
    <subfield code="4">0</subfield>
    <subfield code="7">1</subfield>
    <subfield code="8">HEMEROTECA</subfield>
    <subfield code="A">2006</subfield>
    <subfield code="C">2</subfield>
    <subfield code="a">Bogota</subfield>
    <subfield code="b">Bogota</subfield>
    <subfield code="d">2015-06-30</subfield>
    <subfield code="e">Fundaci&#xF3;n Proaves</subfield>
    <subfield code="h">Fuera de circulaci&#xF3;n</subfield>
    <subfield code="l">0</subfield>
    <subfield code="o">AR-01879</subfield>
    <subfield code="p">AUTO_29231</subfield>
    <subfield code="r">2015-06-30 00:00:00</subfield>
    <subfield code="t">Ej. 1</subfield>
    <subfield code="w">2015-06-30</subfield>
    <subfield code="y">ARTICULO</subfield>
  </datafield>
</record>
